Library Catalog

The Worst witch strikes again / (Record no. 492729)

MARC details
000 -LEADER
fixed length control field 00763nam a22002297a 4500
003 - CONTROL NUMBER IDENTIFIER
control field OSt
005 - DATE AND TIME OF LATEST TRANSACTION
control field 20260512153153.0
008 - FIXED-LENGTH DATA ELEMENTS--GENERAL INFORMATION
fixed length control field 260512b |||||||| |||| 00| 0 eng d
020 ## - INTERNATIONAL STANDARD BOOK NUMBER
International Standard Book Number 9780141376820
040 ## - CATALOGING SOURCE
Original cataloging agency Kenya National Library Service
082 ## - DEWEY DECIMAL CLASSIFICATION NUMBER
Classification number 823.914 MUR
100 ## - MAIN ENTRY--PERSONAL NAME
Personal name Murphy, Jill,
Relator term author.
245 ## - TITLE STATEMENT
Title The Worst witch strikes again /
Statement of responsibility, etc. Jill Murphy.
300 ## - PHYSICAL DESCRIPTION
Extent 85 pages :
Other physical details illustrations ;
Dimensions 20 cm.
490 ## - SERIES STATEMENT
Series statement The Worst witch,
Volume/sequential designation 2.
520 ## - SUMMARY, ETC.
Summary, etc. Mildred Hubble returns to Miss Cackle's Academy for Witches where more magical mishaps and school adventures await.
650 ## - SUBJECT ADDED ENTRY--TOPICAL TERM
Topical term or geographic name entry element Humorous stories.
650 ## - SUBJECT ADDED ENTRY--TOPICAL TERM
Topical term or geographic name entry element Magic
Form subdivision Juvenile fiction.
942 ## - ADDED ENTRY ELEMENTS (KOHA)
Source of classification or shelving scheme Dewey Decimal Classification
Koha item type Books
Suppress in OPAC No
Holdings
Withdrawn status Source of classification or shelving scheme Damaged status Not for loan Collection Home library Current library Date acquired Source of acquisition Cost, normal purchase price Total checkouts Full call number Barcode Date last seen Price effective from Koha item type
  Dewey Decimal Classification     Junior Books Buru Buru Library Acquisition, Cataloguing, Classification and Distribution Development 05/12/2026 BAI 440.00   823.914 MUR B229401 05/12/2026 05/12/2026 Books

© 2025, Kenya National Library Service | Designed & Maintained by Uvumbuzi Center